[Event "2021 FIDE Online Olympiad"]
[Site "Chess.com"]
[Date "2021.08.28"]
[Round "5.4"]
[White "Sokolova, Victoria"]
[Black "Estrada, Lucia"]
[Result "0-1"]
[WhiteElo "1269"]
[BlackElo "1931"]
[PlyCount "122"]
[EventDate "2021.08.27"]
[EventType "team"]
[EventRounds "9"]
[SourceVersionDate "2018.05.14"]
[WhiteTeam "Cyprus"]
[BlackTeam "Bolivia"]
[WhiteTeamCountry "CYP"]
[BlackTeamCountry "BOL"]

1. e4 e6 2. Nf3 d5 3. exd5 exd5 4. g3 Nf6 5. Bg2 Bd6 6. O-O O-O 7. d4 h6 8. Nc3
c6 9. Qd3 Re8 10. Be3 Ne4 11. Rae1 Bf5 12. Nh4 Bh7 13. Nxe4 dxe4 14. Qb3 Qb6
15. Qxb6 axb6 16. Bd2 Nd7 17. Bh1 Rxa2 18. Bc3 b5 19. Ra1 Rea8 20. Rxa2 Rxa2
21. Rb1 b4 22. Bd2 Nb6 23. Ng2 Nc4 24. Bf4 Bxf4 25. Nxf4 Rxb2 26. Rxb2 Nxb2 27.
Kf1 Na4 28. Ke1 Nc3 29. Kd2 Kf8 30. Ne2 Nxe2 31. Kxe2 Ke7 32. Ke3 f5 33. Bg2
Kd6 34. Bf1 Bg8 35. f3 exf3 36. Kxf3 Bd5+ 37. Ke3 Be4 38. Bd3 Bxd3 39. Kxd3 Kd5
40. h3 b6 41. c3 bxc3 42. Kxc3 c5 43. dxc5 bxc5 44. Kd3 c4+ 45. Kc3 g5 46. Kc2
Kd4 47. Kd2 c3+ 48. Kc2 f4 49. gxf4 gxf4 50. Kc1 Kd3 51. Kb1 Kd2 52. Ka2 c2 53.
h4 c1=Q 54. h5 Qc8 55. Ka3 Qb8 56. Ka4 Kc3 57. Ka5 Qb1 58. Ka6 Kc4 59. Ka7 Kc5
60. Ka8 Kc6 61. Ka7 Qb7# 0-1

[Event "2021 FIDE Online Olympiad"]
[Site "Chess.com"]
[Date "2021.08.28"]
[Round "5.5"]
[White "Titichoca Daza, Daniel"]
[Black "Rousis, Chrysostomos"]
[Result "1-0"]
[WhiteElo "2135"]
[BlackElo "1602"]
[PlyCount "83"]
[EventDate "2021.08.27"]
[EventType "team"]
[EventRounds "9"]
[SourceVersionDate "2018.05.14"]
[WhiteTeam "Bolivia"]
[BlackTeam "Cyprus"]
[WhiteTeamCountry "BOL"]
[BlackTeamCountry "CYP"]

1. c4 e5 2. g3 Nf6 3. Bg2 d5 4. cxd5 Nxd5 5. Nc3 Nb6 6. Nf3 Nc6 7. O-O Be7 8.
a3 a5 9. d3 O-O 10. Be3 Nd5 11. Nxd5 Qxd5 12. Rc1 Qb5 13. Qc2 Be6 14. Nd2 Bd5
15. Ne4 Bb3 16. Nc3 Bxc2 17. Nxb5 Ba4 18. Nxc7 Rad8 19. Rc4 Bd6 20. Rxa4 Bxc7
21. Rc4 Rb8 22. Bxc6 bxc6 23. Rxc6 Bd8 24. Rb1 Be7 25. Bc5 Rfe8 26. Bxe7 Rxe7
27. b4 Reb7 28. b5 g6 29. a4 Rb6 30. Rbc1 Kf8 31. Rxb6 Rxb6 32. Rc8+ Ke7 33.
Ra8 Kd6 34. Rxa5 Rb7 35. Ra8 Kc5 36. Rc8+ Kb4 37. Rc4+ Ka5 38. h4 f5 39. Kg2
Re7 40. e3 Rd7 41. d4 Rd5 42. Rc5 1-0

[Event "2021 FIDE Online Olympiad"]
[Site "Chess.com"]
[Date "2021.08.28"]
[Round "5.6"]
[White "Antoniou, Evalena"]
[Black "Beltran Salvador, Milka"]
[Result "0-1"]
[WhiteElo "1000"]
[BlackElo "1496"]
[PlyCount "48"]
[EventDate "2021.08.27"]
[EventType "team"]
[EventRounds "9"]
[SourceVersionDate "2018.05.14"]
[WhiteTeam "Cyprus"]
[BlackTeam "Bolivia"]
[WhiteTeamCountry "CYP"]
[BlackTeamCountry "BOL"]

1. e4 c5 2. Bc4 Nc6 3. Nf3 e6 4. O-O a6 5. Nc3 Nf6 6. d3 Qc7 7. g3 Be7 8. Bf4
d6 9. Na4 b5 10. Nb6 Qxb6 11. Bb3 e5 12. Bg5 Bg4 13. a3 Nd4 14. Bxf6 Bxf6 15.
Bd5 Bxf3 16. Qd2 Rb8 17. Qe3 Ne2+ 18. Qxe2 Bxe2 19. Rfe1 Bf3 20. Rf1 Qc7 21. b4
Qc8 22. bxc5 Qh3 23. Bc6+ Kf8 24. Bd7 Qg2# 0-1

[Event "2021 FIDE Online Olympiad"]
[Site "Chess.com"]
[Date "2021.08.28"]
[Round "6.1"]
[White "Van den Brink, Peter"]
[Black "Savva, Marios"]
[Result "1-0"]
[WhiteElo "2185"]
[BlackElo "1777"]
[PlyCount "133"]
[EventDate "2021.08.27"]
[EventType "team"]
[EventRounds "9"]
[SourceVersionDate "2018.05.14"]
[WhiteTeam "Aruba"]
[BlackTeam "Cyprus"]
[WhiteTeamCountry "ARN"]
[BlackTeamCountry "CYP"]

1. c4 Nf6 2. g3 g6 3. Bg2 Bg7 4. Nc3 O-O 5. e4 d6 6. Nge2 c5 7. O-O Nc6 8. d3
Nd7 9. f4 Nd4 10. Be3 Nb8 11. h3 Nbc6 12. Kh2 e6 13. Qd2 Rb8 14. Rab1 b5 15.
Bxd4 Nxd4 16. Nxd4 cxd4 17. Nxb5 a6 18. Na3 f5 19. Nc2 fxe4 20. Bxe4 d5 21.
cxd5 exd5 22. Bg2 Qd6 23. Qa5 Rb5 24. Qa3 Qb6 25. b4 Bf5 26. Qb3 Qd6 27. a4
Rbb8 28. Qxd5+ Qxd5 29. Bxd5+ Kh8 30. Bc4 Rfe8 31. Rfe1 Bd7 32. b5 axb5 33.
axb5 Bf6 34. Kg2 Rxe1 35. Nxe1 Rb6 36. Nf3 Kg7 37. Ne5 Bc8 38. Bd5 Be7 39. Rc1
Bf5 40. Rc7 Kf8 41. Bc6 Be6 42. Nd7+ Bxd7 43. Rxd7 h5 44. Rxd4 Bf6 45. Rd7 Bc3
46. Rb7 Rxb7 47. Bxb7 Ke7 48. Be4 Kf6 49. b6 Ba5 50. b7 Bc7 51. Kf3 g5 52.
fxg5+ Kxg5 53. h4+ Kf6 54. Bc6 Kg6 55. Be8+ Kh6 56. d4 Bd6 57. g4 hxg4+ 58.
Kxg4 Kg7 59. h5 Kf6 60. h6 Bb8 61. h7 Kg7 62. Bg6 Bc7 63. Kf5 Bb8 64. d5 Kh8
65. Ke6 Kg7 66. d6 Kh8 67. d7 1-0

[Event "2021 FIDE Online Olympiad"]
[Site "Chess.com"]
[Date "2021.08.28"]
[Round "6.3"]
[White "Jacobs, Annelaine"]
[Black "Ioannides Liu, Alice"]
[Result "1-0"]
[WhiteElo "1612"]
[BlackElo "1475"]
[PlyCount "71"]
[EventDate "2021.08.27"]
[EventType "team"]
[EventRounds "9"]
[SourceVersionDate "2018.05.14"]
[WhiteTeam "Aruba"]
[BlackTeam "Cyprus"]
[WhiteTeamCountry "ARN"]
[BlackTeamCountry "CYP"]

1. e4 e5 2. Nf3 Nc6 3. Bb5 a6 4. Ba4 b5 5. Bb3 Nf6 6. d3 Bc5 7. h3 Na5 8. Nxe5
Nxb3 9. axb3 h6 10. O-O d6 11. Nf3 O-O 12. Nc3 Bb7 13. Re1 Re8 14. Be3 Bb4 15.
Bd2 c6 16. Ne2 Bc5 17. Ng3 d5 18. e5 Nd7 19. d4 Bb6 20. Nf5 Bc7 21. Nh2 c5 22.
Qg4 g6 23. Nxh6+ Kg7 24. c3 Bc8 25. Qf3 cxd4 26. Qxf7+ Kh8 27. Qxg6 Nxe5 28.
Rxe5 Rf8 29. Qh5 Qf6 30. N6g4+ Kg7 31. Nxf6 Rxf6 32. Rg5+ Kf8 33. Qh8+ Ke7 34.
Rg7+ Ke6 35. Re1+ Kf5 36. g4# 1-0

[Event "2021 FIDE Online Olympiad"]
[Site "Chess.com"]
[Date "2021.08.28"]
[Round "6.4"]
[White "Sokolova, Victoria"]
[Black "Aponte, Samantha"]
[Result "1/2-1/2"]
[WhiteElo "1269"]
[BlackElo "1087"]
[PlyCount "121"]
[EventDate "2021.08.27"]
[EventType "team"]
[EventRounds "9"]
[SourceVersionDate "2018.05.14"]
[WhiteTeam "Cyprus"]
[BlackTeam "Aruba"]
[WhiteTeamCountry "CYP"]
[BlackTeamCountry "ARN"]

1. e4 e5 2. Nf3 Nc6 3. Bc4 Nf6 4. Ng5 d5 5. exd5 Na5 6. Be2 Nxd5 7. d4 h6 8.
Nh3 Nc6 9. O-O Bxh3 10. gxh3 Nxd4 11. Be3 Nxe3 12. fxe3 Qg5+ 13. Kh1 Qxe3 14.
Bg4 Bd6 15. c3 Qe4+ 16. Bf3 Nxf3 17. Qxf3 Qg6 18. Nd2 O-O 19. Rg1 Qe6 20. Ne4
f5 21. Nxd6 Qxd6 22. Raf1 Qe6 23. b3 Rad8 24. Qxb7 a5 25. Qxc7 Qd5+ 26. Rg2 Rf7
27. Qb6 f4 28. Kg1 f3 29. Rg3 e4 30. Qxh6 e3 31. Qxe3 Rdf8 32. Kf2 Qf5 33. Rd1
Qc2+ 34. Rd2 Qf5 35. Rd3 Qh5 36. Qe4 Kh8 37. Rdxf3 Rxf3+ 38. Rxf3 Qc5+ 39. Qe3
Rxf3+ 40. Kxf3 Qf8+ 41. Qf4 Qa8+ 42. Kg4 Qg2+ 43. Kh5 Qxa2 44. Qf8+ Kh7 45.
Qf5+ Kg8 46. Kg6 Qg2+ 47. Qg5 Qc6+ 48. Kh5 Qf3+ 49. Kh4 Qe4+ 50. Qg4 Qe7+ 51.
Kg3 Qe5+ 52. Qf4 Qxc3+ 53. Kg4 Qc8+ 54. Qf5 Qc3 55. Qe6+ Kh7 56. Qf5+ Kh8 57.
Qf8+ Kh7 58. Kg5 Qe3+ 59. Qf4 Qg1+ 60. Kh5 Qc5+ 61. Qg5 1/2-1/2

[Event "2021 FIDE Online Olympiad"]
[Site "Chess.com"]
[Date "2021.08.28"]
[Round "6.5"]
[White "Antonio, Kyell-Jean"]
[Black "Rousis, Chrysostomos"]
[Result "0-1"]
[WhiteElo "1497"]
[BlackElo "1602"]
[PlyCount "48"]
[EventDate "2021.08.27"]
[EventType "team"]
[EventRounds "9"]
[SourceVersionDate "2018.05.14"]
[WhiteTeam "Aruba"]
[BlackTeam "Cyprus"]
[WhiteTeamCountry "ARN"]
[BlackTeamCountry "CYP"]

1. e4 c5 2. Nf3 d6 3. d4 cxd4 4. Nxd4 Nf6 5. Nc3 a6 6. Be2 e5 7. Nb3 Be7 8. O-O
O-O 9. Be3 Be6 10. f4 exf4 11. Rxf4 Nc6 12. a4 d5 13. exd5 Nxd5 14. Nxd5 Bxd5
15. Rf2 Re8 16. Bf3 Bxb3 17. cxb3 Bd6 18. Re2 Rxe3 19. Rxe3 Bc5 20. Qxd8+ Rxd8
21. Rae1 Re8 22. Kf2 Nb4 23. Bxb7 Nc2 24. R1e2 Rxe3 0-1

[Event "2021 FIDE Online Olympiad"]
[Site "Chess.com"]
[Date "2021.08.28"]
[Round "6.6"]
[White "Antoniou, Evalena"]
[Black "Sagastegui, Thamara"]
[Result "0-1"]
[WhiteElo "1000"]
[BlackElo "1282"]
[PlyCount "128"]
[EventDate "2021.08.27"]
[EventType "team"]
[EventRounds "9"]
[SourceVersionDate "2018.05.14"]
[WhiteTeam "Cyprus"]
[BlackTeam "Aruba"]
[WhiteTeamCountry "CYP"]
[BlackTeamCountry "ARN"]

1. e4 e5 2. Nf3 Nc6 3. Bc4 Bc5 4. O-O Nf6 5. Nc3 O-O 6. a3 a6 7. d3 d6 8. h3 h6
9. Be3 Ba7 10. Nd5 Nxd5 11. exd5 Ne7 12. d4 e4 13. Nh4 Nxd5 14. Bxd5 Qxh4 15.
f3 exf3 16. Rxf3 c6 17. Bxf7+ Rxf7 18. Rxf7 Kxf7 19. Qf1+ Qf6 20. Bf2 d5 21. c3
Bf5 22. Bg3 Bb8 23. Be5 Bxe5 24. dxe5 Qxe5 25. Re1 Qf6 26. b4 Be4 27. Qe2 Kg8
28. Rf1 Qxc3 29. Qf2 Qf6 30. Qe2 Qd4+ 31. Qf2 Qxf2+ 32. Rxf2 Rf8 33. Rf1 Rxf1+
34. Kxf1 Kf7 35. a4 a5 36. bxa5 Bc2 37. Ke1 Bxa4 38. g4 Bb5 39. h4 g5 40. hxg5
hxg5 41. Kf2 Kf6 42. Kf3 Ke5 43. Ke3 d4+ 44. Kd2 Kf4 45. Kc2 Kxg4 46. Kb3 c5
47. Ka3 Kf4 48. Kb3 g4 49. Kc2 g3 50. Kd2 g2 51. Ke1 g1=Q+ 52. Kd2 Qe3+ 53. Kc2
Qe2+ 54. Kb3 Qc4+ 55. Kb2 Qc3+ 56. Ka2 Bc4+ 57. Kb1 Bd3+ 58. Ka2 Qxa5+ 59. Kb2
b6 60. Kb3 c4+ 61. Kb2 c3+ 62. Kb3 Qb5+ 63. Ka3 Qb2+ 64. Ka4 Bb5# 0-1

[Event "2021 FIDE Online Olympiad"]
[Site "Chess.com"]
[Date "2021.08.28"]
[Round "6.1"]
[White "Harper, Ryan"]
[Black "Zambrana, Oswaldo"]
[Result "0-1"]
[WhiteElo "2198"]
[BlackElo "2464"]
[PlyCount "140"]
[EventDate "2021.08.27"]
[EventType "team"]
[EventRounds "9"]
[SourceVersionDate "2018.05.14"]
[WhiteTeam "Trinidad & Tobago"]
[BlackTeam "Bolivia"]
[BlackTeamCountry "BOL"]

1. e4 c5 2. Nf3 Nc6 3. d4 cxd4 4. Nxd4 Nf6 5. Nc3 e5 6. Ndb5 d6 7. Bg5 a6 8.
Bxf6 gxf6 9. Na3 b5 10. Nd5 f5 11. c3 Bg7 12. exf5 Bxf5 13. Nc2 Be6 14. Nce3
Ne7 15. a4 Nxd5 16. Nxd5 O-O 17. g3 bxa4 18. Rxa4 a5 19. Bg2 Rb8 20. b3 f5 21.
O-O Kh8 22. c4 e4 23. Nf4 Bf7 24. Qc2 Qb6 25. Ra3 Be5 26. Rd1 Qb4 27. Qa2 a4
28. Rxa4 Qxb3 29. Qxb3 Rxb3 30. Nd5 Rfb8 31. h3 Rb1 32. Rxb1 Rxb1+ 33. Kh2 Rb2
34. Ra8+ Kg7 35. Ne7 Rxf2 36. Ra7 h5 37. h4 Kf6 38. Nc6 Bxc4 39. Nxe5 Kxe5 40.
Rh7 Bf1 41. Kg1 Rxg2+ 42. Kxf1 Rxg3 43. Rxh5 d5 44. Rh8 d4 45. h5 d3 46. h6 e3
47. h7 e2+ 48. Kf2 Kf4 49. Re8 Rf3+ 50. Ke1 Rf1+ 51. Kd2 Rd1+ 52. Kc3 Rh1 53.
Kxd3 Rxh7 54. Kxe2 Rh2+ 55. Kf1 Kf3 56. Kg1 Rg2+ 57. Kh1 f4 58. Ra8 Re2 59. Rb8
Kg3 60. Rg8+ Kf2 61. Rb8 Re1+ 62. Kh2 Re6 63. Rb2+ Re2 64. Rb8 Kf1+ 65. Kh1 f3
66. Ra8 Rd2 67. Rb8 f2 68. Kh2 Ke1 69. Rb1+ Rd1 70. Rxd1+ Kxd1 0-1

[Event "2021 FIDE Online Olympiad"]
[Site "Chess.com"]
[Date "2021.08.28"]
[Round "6.2"]
[White "Cueto, Jonny"]
[Black "Johnson, Joshua"]
[Result "1-0"]
[WhiteElo "2295"]
[BlackElo "2145"]
[PlyCount "55"]
[EventDate "2021.08.27"]
[EventType "team"]
[EventRounds "9"]
[SourceVersionDate "2018.05.14"]
[WhiteTeam "Bolivia"]
[BlackTeam "Trinidad & Tobago"]
[WhiteTeamCountry "BOL"]

1. d4 d5 2. Bf4 Nf6 3. e3 c5 4. c3 Nc6 5. Nd2 cxd4 6. exd4 Bg4 7. Qb3 Qd7 8. h3
Bf5 9. Ngf3 h6 10. Bb5 a6 11. Ne5 Qc8 12. Bxc6+ bxc6 13. Qa4 Bd7 14. Nb3 e6 15.
Nc5 Bxc5 16. dxc5 O-O 17. O-O Ne4 18. Nd3 Qb7 19. f3 Nf6 20. Qd4 Bc8 21. Bxh6
Re8 22. Qe5 Kh7 23. Bxg7 Nd7 24. Qg5 f6 25. Qh6+ Kg8 26. Nf4 Nxc5 27. Nh5 Bd7
28. Qg6 1-0

[Event "2021 FIDE Online Olympiad"]
[Site "Chess.com"]
[Date "2021.08.28"]
[Round "6.3"]
[White "Johnson, Gabriella"]
[Black "Cordero, Daniela"]
[Result "1/2-1/2"]
[WhiteElo "1733"]
[BlackElo "1981"]
[PlyCount "114"]
[EventDate "2021.08.27"]
[EventType "team"]
[EventRounds "9"]
[SourceVersionDate "2018.05.14"]
[WhiteTeam "Trinidad & Tobago"]
[BlackTeam "Bolivia"]
[BlackTeamCountry "BOL"]

1. e4 e6 2. d4 d5 3. exd5 exd5 4. Bd3 Nc6 5. Nf3 Nb4 6. Bb5+ c6 7. Ba4 Bf5 8.
a3 Na6 9. O-O Bd6 10. Re1+ Ne7 11. Nc3 O-O 12. Ne2 Ng6 13. Ng3 Bg4 14. Qd3 Qc7
15. c3 c5 16. Ne5 Nxe5 17. dxe5 Bxe5 18. Qxd5 Bxg3 19. hxg3 Be6 20. Qh5 Rfd8
21. Bc2 g6 22. Qh4 Rd7 23. Bh6 Qd8 24. Qf4 Nc7 25. Qe5 f6 26. Qxc5 b6 27. Qc6
Bd5 28. Qa4 Rd6 29. Bf4 Rd7 30. Rad1 b5 31. Bxc7 Qxc7 32. Qxb5 Rad8 33. Bb3
Bxb3 34. Qxb3+ Kg7 35. Rxd7+ Rxd7 36. Re8 Qd6 37. Qg8+ Kh6 38. Qf8+ Qxf8 39.
Rxf8 Rd1+ 40. Kh2 Rd2 41. Rxf6 Rxb2 42. c4 Rc2 43. Ra6 Rxc4 44. Rxa7 Rc2 45.
Kg1 Rc1+ 46. Kh2 Rc2 47. a4 Rxf2 48. a5 Ra2 49. a6 Kg5 50. Kh3 h5 51. Ra8 Ra1
52. Kh2 Ra3 53. a7 Ra2 54. Kh3 Ra1 55. Kh2 Ra2 56. Kh3 Ra1 57. Kh2 Ra2 1/2-1/2

[Event "2021 FIDE Online Olympiad"]
[Site "Chess.com"]
[Date "2021.08.28"]
[Round "6.4"]
[White "Monroy G., Nataly A."]
[Black "James, Shemilah"]
[Result "1-0"]
[WhiteElo "1906"]
[BlackElo "1494"]
[PlyCount "103"]
[EventDate "2021.08.27"]
[EventType "team"]
[EventRounds "9"]
[SourceVersionDate "2018.05.14"]
[WhiteTeam "Bolivia"]
[BlackTeam "Trinidad & Tobago"]
[WhiteTeamCountry "BOL"]

1. d4 d5 2. Nf3 c6 3. c4 Nf6 4. Nc3 e6 5. g3 Nbd7 6. Bg2 Be7 7. O-O O-O 8. Nd2
e5 9. dxe5 Nxe5 10. cxd5 cxd5 11. Nb3 Be6 12. Bg5 Qc8 13. Rc1 Qd7 14. Bxf6 Bxf6
15. Nxd5 Bxd5 16. Qxd5 Qg4 17. Qxb7 Qxe2 18. Nd4 Qh5 19. b3 Nd3 20. Rcd1 Nc5
21. Qb5 Rab8 22. Qa5 Bd8 23. Qxa7 Bb6 24. Qa3 Rfd8 25. Bf3 Qe5 26. Nc6 Qf6 27.
Nxb8 Rxb8 28. Bg2 Ne6 29. Qd6 Bc7 30. Qc6 Bb6 31. Qf3 Qxf3 32. Bxf3 h6 33. Rd7
Ng5 34. Bd5 Rc8 35. Kg2 Rc2 36. h4 Ne6 37. Bxe6 fxe6 38. a4 Kf8 39. Rd6 Bd4 40.
Rxe6 Kf7 41. Rd6 Bf6 42. Rfd1 Rb2 43. R6d3 Be7 44. R1d2 Rb1 45. Ra2 Rc1 46. a5
Bc5 47. a6 Re1 48. a7 Bxa7 49. Rxa7+ Kf6 50. Ra6+ Kf5 51. Rf3+ Ke5 52. Re3+ 1-0

[Event "2021 FIDE Online Olympiad"]
[Site "Chess.com"]
[Date "2021.08.28"]
[Round "6.5"]
[White "Ramsumair, Daenon"]
[Black "Vera, Pavel"]
[Result "0-1"]
[WhiteElo "1469"]
[BlackElo "1579"]
[PlyCount "52"]
[EventDate "2021.08.27"]
[EventType "team"]
[EventRounds "9"]
[SourceVersionDate "2018.05.14"]
[WhiteTeam "Trinidad & Tobago"]
[BlackTeam "Bolivia"]
[BlackTeamCountry "BOL"]

1. e4 c5 2. c3 e5 3. Nf3 Nc6 4. Bc4 Qc7 5. Ng5 Nd8 6. O-O Be7 7. d3 Nf6 8. f4
d6 9. f5 Bd7 10. a4 h6 11. Nf3 Rb8 12. Be3 a6 13. a5 Nc6 14. b4 O-O 15. Nh4 Kh7
16. Qf3 cxb4 17. g4 Nxa5 18. Rxa5 Qxa5 19. g5 bxc3 20. gxf6 Bxf6 21. Qg4 Bb5
22. Bxf7 Rxf7 23. Qg6+ Kg8 24. Bxh6 c2 25. Nd2 Bxd3 26. Rc1 Bxh4 0-1

[Event "2021 FIDE Online Olympiad"]
[Site "Chess.com"]
[Date "2021.08.28"]
[Round "6.6"]
[White "Beltran Salvador, Milka"]
[Black "La Fleur, Zara"]
[Result "1-0"]
[WhiteElo "1496"]
[BlackElo "1299"]
[PlyCount "77"]
[EventDate "2021.08.27"]
[EventType "team"]
[EventRounds "9"]
[SourceVersionDate "2018.05.14"]
[WhiteTeam "Bolivia"]
[BlackTeam "Trinidad & Tobago"]
[WhiteTeamCountry "BOL"]

1. d4 d5 2. c4 c6 3. Nf3 Nf6 4. e3 Bf5 5. Nc3 e6 6. Be2 Be7 7. O-O h6 8. b3 O-O
9. Bb2 Nbd7 10. Rc1 Qa5 11. Nd2 Bb4 12. a4 c5 13. Ndb1 cxd4 14. exd4 Bxb1 15.
Nxb1 Ne4 16. f3 Nef6 17. c5 Rac8 18. Na3 a6 19. Nc2 Bd2 20. Ra1 Bf4 21. b4 Qd8
22. b5 Nh5 23. Qe1 axb5 24. Bxb5 b6 25. c6 Nb8 26. Ba3 Bd6 27. Nb4 Bxb4 28.
Bxb4 Nxc6 29. Bxf8 Kxf8 30. Rc1 Nxd4 31. Qb4+ Kg8 32. Qxd4 Rxc1 33. Rxc1 Qg5
34. Rc8+ Kh7 35. Bd3+ f5 36. Rc2 Nf4 37. Bf1 Nh3+ 38. Kh1 Nf4 39. Qd2 1-0

[Event "2021 FIDE Online Olympiad"]
[Site "Chess.com"]
[Date "2021.08.28"]
[Round "6.1"]
[White "Vazquez, Guillermo"]
[Black "Araujo Sanchez, Josue"]
[Result "1/2-1/2"]
[WhiteElo "2466"]
[BlackElo "2066"]
[PlyCount "116"]
[EventDate "2021.08.27"]
[EventType "team"]
[EventRounds "9"]
[SourceVersionDate "2018.05.14"]
[WhiteTeam "Paraguay"]
[BlackTeam "Dominican Republic"]
[WhiteTeamCountry "PAR"]
[BlackTeamCountry "DOM"]

1. e4 c5 2. Nf3 d6 3. d4 cxd4 4. Qxd4 a6 5. h3 Nc6 6. Qe3 g6 7. Be2 Bg7 8. O-O
Nf6 9. c4 O-O 10. Nc3 Nd7 11. Rb1 Nc5 12. b4 Ne6 13. Rd1 a5 14. a3 axb4 15.
axb4 Ne5 16. Nxe5 Bxe5 17. Nd5 Ra2 18. Bf1 Bd7 19. Rd2 Rxd2 20. Bxd2 Bc6 21.
Qa7 Bd4 22. Qa3 Bxd5 23. exd5 Ng7 24. Be3 Qb6 25. Bxd4 Qxd4 26. Re1 e5 27. dxe6
fxe6 28. Qa2 h5 29. Re3 Kh7 30. Qc2 Qb6 31. Bd3 Rf6 32. Qc3 Qd8 33. c5 dxc5 34.
bxc5 Qf8 35. Qb2 Rf7 36. Re5 Rc7 37. Qb6 Rc6 38. Qb4 Qe7 39. Be4 Rc7 40. Qa5
Rd7 41. c6 Rd1+ 42. Kh2 bxc6 43. Rxh5+ Kg8 44. Rg5 Qf6 45. Rg4 Qxf2 46. Qa8+
Qf8 47. Qxc6 Qb8+ 48. g3 Qa7 49. h4 Qf2+ 50. Kh3 Qf1+ 51. Bg2 Qf5 52. Qf3 Rd3
53. Qe4 Kh7 54. Kh2 Rd2 55. Kh3 Rd3 56. Kh2 Rd2 57. Qf4 Rf2 58. Qxf5 gxf5
1/2-1/2

[Event "2021 FIDE Online Olympiad"]
[Site "Chess.com"]
[Date "2021.08.28"]
[Round "6.2"]
[White "Polanco Nunez, Yoel Estarling"]
[Black "Benitez Galeano, Alejandro"]
[Result "0-1"]
[WhiteElo "2222"]
[BlackElo "1985"]
[PlyCount "38"]
[EventDate "2021.08.27"]
[EventType "team"]
[EventRounds "9"]
[SourceVersionDate "2018.05.14"]
[WhiteTeam "Dominican Republic"]
[BlackTeam "Paraguay"]
[WhiteTeamCountry "DOM"]
[BlackTeamCountry "PAR"]

1. d4 d5 2. c4 dxc4 3. Nf3 Nf6 4. e3 b5 5. b3 cxb3 6. Qxb3 c6 7. a4 bxa4 8.
Rxa4 e6 9. Nbd2 Nbd7 10. Nc4 Be7 11. Be2 O-O 12. O-O c5 13. Bd2 cxd4 14. Nxd4
Nc5 15. Qa2 Nxa4 16. Qxa4 Bd7 17. Qa6 Qc8 18. Qa5 Rd8 19. Bf3 Qxc4 0-1

[Event "2021 FIDE Online Olympiad"]
[Site "Chess.com"]
[Date "2021.08.28"]
[Round "6.3"]
[White "Vargas, Gabriela"]
[Black "Santos Almonte, Carol"]
[Result "1-0"]
[WhiteElo "2105"]
[BlackElo "1680"]
[PlyCount "37"]
[EventDate "2021.08.27"]
[EventType "team"]
[EventRounds "9"]
[SourceVersionDate "2018.05.14"]
[WhiteTeam "Paraguay"]
[BlackTeam "Dominican Republic"]
[WhiteTeamCountry "PAR"]
[BlackTeamCountry "DOM"]

1. d4 e6 2. Nf3 d5 3. c3 c5 4. Bg5 Nf6 5. e3 Nc6 6. Nbd2 cxd4 7. exd4 Be7 8.
Bd3 O-O 9. O-O h6 10. Bh4 Bd7 11. Ne5 a6 12. f4 Rc8 13. Qf3 b5 14. Rae1 Na5 15.
Bc2 b4 16. Bxf6 Bxf6 17. Qd3 g6 18. Nxg6 Bb5 19. Ne7+ 1-0

[Event "2021 FIDE Online Olympiad"]
[Site "Chess.com"]
[Date "2021.08.28"]
[Round "6.4"]
[White "Cabreja Lora, Suzette"]
[Black "Perez, Dalila"]
[Result "0-1"]
[WhiteElo "1623"]
[BlackElo "1873"]
[PlyCount "106"]
[EventDate "2021.08.27"]
[EventType "team"]
[EventRounds "9"]
[SourceVersionDate "2018.05.14"]
[WhiteTeam "Dominican Republic"]
[BlackTeam "Paraguay"]
[WhiteTeamCountry "DOM"]
[BlackTeamCountry "PAR"]

1. e4 e6 2. d4 d5 3. Nc3 Nf6 4. e5 Nfd7 5. f4 c5 6. Nf3 Qb6 7. Na4 Qa5+ 8. c3
a6 9. Be3 cxd4 10. b4 Qc7 11. Bxd4 Nc6 12. Qd2 Be7 13. Be2 f6 14. O-O O-O 15.
Qe3 fxe5 16. fxe5 Nxd4 17. Qxd4 b5 18. Nb2 Nb6 19. Rac1 Bd7 20. Qg4 Rac8 21. h3
Qb8 22. Bd3 Rf5 23. Bxf5 exf5 24. Qf4 Nc4 25. Nxc4 Rxc4 26. Qd2 Be6 27. Nd4 Qc8
28. Nxe6 Qxe6 29. Rfd1 Qxe5 30. Qxd5+ Qxd5 31. Rxd5 Bxb4 32. Rd3 Bc5+ 33. Kh2
Kf7 34. Rf3 g6 35. Re1 Bd6+ 36. Kg1 a5 37. Rd1 Be5 38. Rd7+ Kf6 39. Rxh7 Bxc3
40. Rb7 b4 41. Rf1 Bd4+ 42. Kh2 Rc2 43. Rd1 Be5+ 44. Kg1 Rxa2 45. Rb6+ Kg5 46.
Ra6 a4 47. Rb1 b3 48. Ra5 Bd4+ 49. Kh2 b2 50. Rb5 a3 51. Rb4 Be5+ 52. g3 Ra1
53. R1xb2 axb2 0-1

[Event "2021 FIDE Online Olympiad"]
[Site "Chess.com"]
[Date "2021.08.28"]
[Round "6.5"]
[White "Allo Collante, Enrique"]
[Black "Mesa Cruz, Juan Carlos"]
[Result "0-1"]
[WhiteElo "1619"]
[BlackElo "2040"]
[PlyCount "88"]
[EventDate "2021.08.27"]
[EventType "team"]
[EventRounds "9"]
[SourceVersionDate "2018.05.14"]
[WhiteTeam "Paraguay"]
[BlackTeam "Dominican Republic"]
[WhiteTeamCountry "PAR"]
[BlackTeamCountry "DOM"]

1. c4 Nf6 2. g3 g6 3. Bg2 Bg7 4. Nc3 O-O 5. e4 d6 6. Nge2 c5 7. O-O Nc6 8. d3
Rb8 9. h3 a6 10. a4 Ne8 11. Be3 Nc7 12. d4 cxd4 13. Nxd4 Ne6 14. Nde2 Bd7 15.
f4 Na5 16. Qd3 Nc5 17. Bxc5 dxc5 18. f5 Bc6 19. Qxd8 Rfxd8 20. Nd5 Rd7 21. Nec3
Nxc4 22. b3 Ne3 23. Nxe3 Bxc3 24. Ra2 e6 25. f6 Rd3 26. Ng4 Bd4+ 27. Kh2 Rxb3
28. Rd2 h5 29. Nf2 Bxa4 30. Nd3 Be3 31. Rdd1 Rc3 32. Ne5 Bxd1 33. Rxd1 Bd4 34.
Nf3 e5 35. Ng5 b5 36. h4 Rb6 37. Rf1 b4 38. Bh3 b3 39. g4 hxg4 40. Bxg4 b2 41.
h5 b1=Q 42. Rxb1 Rxb1 43. hxg6 Rb2+ 44. Kh1 Rc1+ 0-1

[Event "2021 FIDE Online Olympiad"]
[Site "Chess.com"]
[Date "2021.08.28"]
[Round "6.6"]
[White "Ramirez Luzon, Franchesca"]
[Black "Oviedo Acosta, Paula"]
[Result "0-1"]
[WhiteElo "1743"]
[BlackElo "1311"]
[PlyCount "68"]
[EventDate "2021.08.27"]
[EventType "team"]
[EventRounds "9"]
[SourceVersionDate "2018.05.14"]
[WhiteTeam "Dominican Republic"]
[BlackTeam "Paraguay"]
[WhiteTeamCountry "DOM"]
[BlackTeamCountry "PAR"]

1. e4 c5 2. Nf3 e6 3. d3 Nc6 4. g3 Qc7 5. Bg2 Nf6 6. O-O Be7 7. Nbd2 O-O 8. Re1
d5 9. e5 Nd7 10. Qe2 b5 11. c3 b4 12. Nf1 a5 13. h4 Ba6 14. Bf4 Rab8 15. Qc2
Rfc8 16. N1h2 d4 17. Rac1 Rb6 18. cxd4 b3 19. Qc3 cxd4 20. Qd2 Bb4 21. Qd1 Bxe1
22. Nxd4 Bxf2+ 23. Kxf2 Ndb8 24. axb3 Qd7 25. Nxc6 Nxc6 26. Be4 Nb4 27. Rxc8+
Qxc8 28. Qf3 Qc2+ 29. Kg1 Rb8 30. d4 Bd3 31. Bb7 Nd5 32. Bxd5 exd5 33. Qxd5 Be4
34. Qd6 Qg2# 0-1

[Event "2021 FIDE Online Olympiad"]
[Site "Chess.com"]
[Date "2021.08.28"]
[Round "6.1"]
[White "Matoewi, Roger"]
[Black "Diaz Hollemaert, Nahuel"]
[Result "0-1"]
[WhiteElo "2015"]
[BlackElo "2496"]
[PlyCount "72"]
[EventDate "2021.08.27"]
[EventType "team"]
[EventRounds "9"]
[SourceVersionDate "2018.05.14"]
[WhiteTeam "Suriname"]
[BlackTeam "Uruguay"]
[WhiteTeamCountry "SUR"]
[BlackTeamCountry "URU"]

1. e4 g6 2. h4 c5 3. Nf3 Nc6 4. h5 Nf6 5. hxg6 fxg6 6. Nc3 Bg7 7. Bc4 e6 8. d4
d5 9. exd5 exd5 10. Qe2+ Kf8 11. Bb5 cxd4 12. Na4 Bg4 13. Bd2 Qd6 14. O-O-O a6
15. Bxc6 Qxc6 16. Bb4+ Kg8 17. Nc5 a5 18. Ba3 Ne4 19. Rh4 Bxf3 20. gxf3 Nxc5
21. Qe7 Bf6 22. Qxc5 Qxc5 23. Bxc5 Bxh4 24. Bxd4 Rd8 25. Re1 Kf7 26. Bxh8 Rxh8
27. Kd2 Re8 28. Rh1 Bg5+ 29. Kd3 h5 30. c3 Kf6 31. b4 axb4 32. cxb4 Ra8 33. Ra1
Ra3+ 34. Kd4 Ke6 35. Re1+ Kd6 36. Re2 Bf6+ 0-1